[Event "SLO-ch U14 Girls"]
[Site "Murska Sobota"]
[Date "2007.03.02"]
[Round "9"]
[White "Turek, Ajda Stina"]
[Black "Gornik, Janja"]
[Result "0-1"]
[WhiteElo "1500"]
[BlackElo "1533"]
[PlyCount "62"]
[EventDate "2007.02.25"]
[EventType "swiss"]
[EventRounds "9"]
[EventCountry "SLO"]
[SourceTitle "CBM 117 Extra"]
[Source "ChessBase"]
[SourceDate "2007.05.09"]
[SourceVersion "1"]
[SourceVersionDate "2007.05.09"]
[SourceQuality "1"]

1. e4 e5 2. Nf3 Nc6 3. Nc3 Bc5 4. Nxe5 Nxe5 5. d4 Bd6 6. dxe5 Bxe5 7. Bc4 Nf6 8. Qf3 d6 9. h3 Be6 10. Bb3 h6 11. Bf4 Qe7 12. 0-0-0 0-0-0 13. Qe3 Kb8 14. Nb5 Bxf4 15. Qxf4 Bxb3 16. axb3 Qxe4 17. Qg3 Qe5 18. Qd3 Qg5+ 19. Kb1 Qxg2 20. Qe3 a6 21. Qa7+ Kc8 22. Nc3 Rhe8 23. Rhg1 Qc6 24. Rxg7 Re7 25. Qd4 d5 26. Qb4 Qd6 27. Qd4 Kb8 28. Qh4 Rh8 29. Nxd5 Nxd5 30. Rxd5 Re1+ 31. Ka2 Qxd5 0-1

[Event "SLO-chT (Women)"]
[Site "Bled"]
[Date "2004.11.20"]
[Round "3"]
[White "Gornik, Janja"]
[Black "Novak, Ksenija"]
[Result "0-1"]
[WhiteElo "1513"]
[BlackElo "2136"]
[PlyCount "46"]
[EventDate "2004.11.19"]
[EventType "team"]
[EventRounds "9"]
[EventCountry "SLO"]
[SourceTitle "CBM 103 Extra"]
[Source "ChessBase"]
[SourceDate "2005.01.01"]
[SourceVersion "1"]
[SourceVersionDate "2005.01.01"]
[SourceQuality "1"]

1. e4 c5 2. Nf3 e6 3. d4 cxd4 4. Nxd4 Nf6 5. Nc3 Nc6 6. Be3 Bb4 7. f3 d5 8. exd5 Nxd5 9. Qd2 Nxe3 10. Qxe3 Qxd4 11. Qxd4 Nxd4 12. Bd3 0-0 13. 0-0 Bxc3 14. bxc3 Nc6 15. f4 b6 16. Be4 Bb7 17. Rad1 Rfd8 18. Rb1 Na5 19. Bd3 Rac8 20. c4 Nxc4 21. Bxc4 Rxc4 22. Rf2 Be4 23. Rc1 Rdc8 0-1

[Event "SLO-ch U10 Girls"]
[Site "Celje"]
[Date "2004.02.25"]
[Round "7"]
[White "Gornik, Janja"]
[Black "Lubec, Tjasa"]
[Result "1-0"]
[WhiteElo "1500"]
[BlackElo "1500"]
[PlyCount "163"]
[EventDate "2004.02.22"]
[EventType "tourn"]
[EventRounds "8"]
[EventCountry "SLO"]
[SourceTitle "EXT 2008"]
[Source "ChessBase"]
[SourceDate "2007.11.25"]
[SourceVersion "1"]
[SourceVersionDate "2007.11.25"]
[SourceQuality "1"]

1. e4 e5 2. Nf3 Nc6 3. Bc4 Bc5 4. d3 Nf6 5. Nc3 0-0 6. Bg5 Bb4 7. a3 Bxc3+ 8. bxc3 h6 9. Be3 d6 10. 0-0 a6 11. Qe2 Bg4 12. h3 Bd7 13. Nd2 Re8 14. Rab1 Rb8 15. Qf3 Kf8 16. d4 exd4 17. cxd4 b5 18. Bb3 Na5 19. Ba2 Bc6 20. d5 Bb7 21. c4 bxc4 22. Nxc4 Nxc4 23. Bxc4 c6 24. Bd4 Rxe4 25. Qd3 Re8 26. dxc6 Bxc6 27. Rxb8 Qxb8 28. Bxf6 gxf6 29. Bxa6 Be4 30. Qb5 Qxb5 31. Bxb5 Rb8 32. Re1 Rxb5 33. Rxe4 Rb1+ 34. Kh2 Rb2 35. f3 d5 36. Rd4 Rb5 37. a4 Ra5 38. g4 Rc5 39. Kg3 Kg7 40. Kf4 Kg6 41. h4 h5 42. g5 fxg5+ 43. hxg5 h4 44. Kg4 f6 45. gxf6 Kxf6 46. Kxh4 Ke5 47. Rb4 d4 48. Kg3 d3 49. Kf2 d2 50. Ke2 Rd5 51. Rb1 Rd4 52. a5 Rd8 53. Rd1 Ra8 54. Rxd2 Rxa5 55. Ke3 Ra3+ 56. Kf2 Kf4 57. Rd4+ Ke5 58. Re4+ Kf5 59. Kg3 Kg5 60. Rg4+ Kf5 61. Rh4 Rd3 62. Rb4 Rd2 63. Rb5+ Ke6 64. Kg4 Rg2+ 65. Kf4 Rg7 66. Ke4 Kd6 67. f4 Re7+ 68. Kf3 Kc6 69. Rg5 Rd7 70. Kg4 Rd1 71. Kf3 Rf1+ 72. Ke4 Re1+ 73. Kf3 Rf1+ 74. Kg4 Rg1+ 75. Kh5 Rh1+ 76. Kg6 Rf1 77. f5 Kd5 78. f6+ Ke4 79. f7 Rf4 80. Kg7 Rf5 81. Rxf5 Kxf5 82. f8Q+ 1-0